000 00699nam a22002297a 4500
003 UA-OsUOA
001 65474
007 ta
008 20091124b un ||||| |||| 00| 0 ukr d
100 _aНєізвєстна О.
700 _aШишов В.
090 _a330(477)
_bН59
942 _cSA
040 _aUA-OsUOA
_bukr
_cUA-OsUOA
_dUA-OsUOA
245 _aОцінка та шляхи покращення фінансового стану банків України
300 _aС.41-49
955 _a0
041 _aukr
080 _a330(477)
773 0 _w65472
_tРинок Цінних паперів України
_dК.
_d2009
_g2
650 7 _a330 Економіка взагалі
_2UDC
999 _c352648
_d352648